জুলিয়াস সীজার / (Record no. 230)
[ view plain ]
| 000 -LEADER | |
|---|---|
| fixed length control field | 00871nam a2200241 a 4500 |
| 001 - CONTROL NUMBER | |
| JCCL Control Number | 230 |
| 003 - CONTROL NUMBER IDENTIFIER | |
| JCCL marc code | BD-JhCC |
| 005 - DATE AND TIME OF LATEST TRANSACTION | |
| control field | 20171004092755.0 |
| 008 - FIXED-LENGTH DATA ELEMENTS--GENERAL INFORMATION | |
| fixed length control field | 171002s1997 bg |||| |||| 000 0 ben d |
| 020 ## - INTERNATIONAL STANDARD BOOK NUMBER | |
| International Standard Book Number | 984461406 |
| 035 ## - SYSTEM CONTROL NUMBER | |
| system control number | (BD-JhCC) 230 |
| 040 ## - CATALOGING SOURCE | |
| Original cataloging agency | BD-JhCC |
| Modifying agency | BD-JhCC |
| 041 ## - LANGUAGE CODE | |
| Language code of Book | ben |
| 082 ## - DEWEY DECIMAL CLASSIFICATION NUMBER | |
| Classification number | 822.33 |
| Author mark and Year | SEK 1997 |
| 100 ## - MAIN ENTRY--PERSONAL NAME | |
| Personal name | শেক্সপীয়ার, উইলিয়াম |
| Titles and other words associated with a name | ১৫৬৪-১৬১৬ |
| 245 ## - TITLE STATEMENT | |
| Title | জুলিয়াস সীজার / |
| Statement of responsibility, etc | উইলিয়াম শেক্সপীয়ার, অনু : আইমেদ পারভেজ |
| 260 ## - PUBLICATION, DISTRIBUTION, ETC. (IMPRINT) | |
| Place of publication, distribution, etc | ঢাকা : |
| Name of publisher, distributor, etc | গতিধারা প্রকাশনি, |
| Date of publication, distribution, etc | ১৯৯৭. |
| 300 ## - PHYSICAL DESCRIPTION | |
| Pagination | ৫৯ পৃ. : |
| Dimensions | ২১ সেমি. |
| 650 ## - SUBJECT ADDED ENTRY--TOPICAL TERM | |
| Topical term or geographic name as entry element | English Drama (Comedy) |
| 700 ## - ADDED ENTRY--PERSONAL NAME | |
| Personal name | পারভেজ, আইমেদ |
| 942 ## - ADDED ENTRY ELEMENTS (KOHA) | |
| Source of classification or shelving scheme | Dewey Decimal Classification |
| Koha item type | Books |
| Source of classification or shelving scheme | Damaged status | Not for loan | Home library | Current library | Shelving location | Date of accession | Cost, normal purchase price | Total Checkouts | Full call number | Barcode | Date last seen | Copy number | Koha item type |
|---|---|---|---|---|---|---|---|---|---|---|---|---|---|
| Dewey Decimal Classification | JCC Rouf Library | JCC Rouf Library | General Stacks | 10/02/2017 | 50.00 | 822.33 SEK 1997 | 1468 | 10/02/2017 | C-1 | Books |